| 000 | 00358nam a22001217a 4500 | ||
|---|---|---|---|
| 999 |
_c9749 _d9749 |
||
| 003 | OSt | ||
| 008 | 201203b ||||| |||| 00| 0 eng d | ||
| 245 | _aPramana Journal Of Physics | ||
| 250 | _a2010(Mar Vol.74 No.3, Apr Vol.74 No.4, May Vol.74 No.5, Jun Vol.74 No.6) | ||
| 260 |
_aBengaluru, Karnataka _bSpringer |
||
| 650 | _aApplied Science | ||
| 942 |
_2ddc _cBV |
||